| 000 | 00614nam a2200217Ia 4500 | ||
|---|---|---|---|
| 003 | IN-BaIIA | ||
| 008 | 211028s9999 xx 000 0 eng d | ||
| 020 | _a978-81-8489-215-4 | ||
| 040 | _cIIA Library | ||
| 080 |
_a539.1 _bPHY |
||
| 100 |
_aDatta, Amitava _934916 |
||
| 245 | 0 |
_aPhysics at the large hadron collider _cAmitava Datta, |
|
| 260 |
_aNew Delhi _bSpringer _c2009 |
||
| 300 | _axii, 247p. | ||
| 650 |
_alarge hadron collider _934917 |
||
| 650 |
_aLHC _934918 |
||
| 650 |
_aPhysics _973 |
||
| 700 |
_aMukhopahyaya, Biswarup, ed. _934919 |
||
| 700 |
_aRaychaudhuri, Amitava ed. _934920 |
||
| 942 | _cBK | ||
| 999 |
_c18244 _d18244 |
||